<?xml version="1.0" encoding="UTF-8"?>
<collection xmlns:xsi="http://www.w3.org/2001/XMLSchema-instance" xsi:schemaLocation="http://www.loc.gov/MARC21/slim http://www.loc.gov/standards/marcxml/schema/MARC21slim.xsd" xmlns="http://www.loc.gov/MARC21/slim">
 <record>
  <leader>00000cam a22000003a 4500</leader>
  <controlfield tag="001">UP-1685523046126181511</controlfield>
  <controlfield tag="003">Buklod</controlfield>
  <controlfield tag="005">20091123154714.0</controlfield>
  <controlfield tag="006">m    ||  | |      </controlfield>
  <controlfield tag="007">cr |||||||||||</controlfield>
  <controlfield tag="008">091123s2005    xx     d     r    |||| u|</controlfield>
  <datafield tag="020" ind1=" " ind2=" ">
   <subfield code="a">0721603750</subfield>
  </datafield>
  <datafield tag="035" ind1=" " ind2=" ">
   <subfield code="a">(iLib)UPMNL-00010658674</subfield>
  </datafield>
  <datafield tag="040" ind1=" " ind2=" ">
   <subfield code="a">UPM-Nursing</subfield>
  </datafield>
  <datafield tag="041" ind1=" " ind2=" ">
   <subfield code="a">eng</subfield>
  </datafield>
  <datafield tag="090" ind1=" " ind2="0">
   <subfield code="a">RC 670.5 H45</subfield>
   <subfield code="b">H55 2005</subfield>
  </datafield>
  <datafield tag="245" ind1="0" ind2="0">
   <subfield code="a">Hemodynamic monitoring</subfield>
   <subfield code="c">Rebecca K. Hodges ... [et al.].</subfield>
  </datafield>
  <datafield tag="264" ind1=" " ind2="1">
   <subfield code="a">St. Louis</subfield>
   <subfield code="b">Elsevier Saunders</subfield>
   <subfield code="c">c2005.</subfield>
  </datafield>
  <datafield tag="300" ind1=" " ind2=" ">
   <subfield code="a">xvii, 206 p.</subfield>
   <subfield code="b">ill.</subfield>
   <subfield code="c">23 cm.</subfield>
  </datafield>
  <datafield tag="650" ind1="1" ind2="7">
   <subfield code="a">Hemodynamic monitoring.</subfield>
  </datafield>
  <datafield tag="650" ind1="1" ind2="7">
   <subfield code="a">Cardiovascular system</subfield>
   <subfield code="x">Diseases</subfield>
   <subfield code="x">Diagnosis.</subfield>
  </datafield>
  <datafield tag="700" ind1="1" ind2=" ">
   <subfield code="a">Hodges, Rebecca K.</subfield>
  </datafield>
  <datafield tag="852" ind1="0" ind2=" ">
   <subfield code="a">UPMNL</subfield>
   <subfield code="b">NURS</subfield>
   <subfield code="h">RC 670.5 H45 H55 2005</subfield>
  </datafield>
  <datafield tag="942" ind1=" " ind2=" ">
   <subfield code="a">Book</subfield>
  </datafield>
 </record>
</collection>
